000 00462nam a2200157Ia 4500
008 191206s9999 xx 000 0 und d
020 _a393045285
090 _aP23.C3985.C
245 0 _a"Anton Chekhov's short stories: texts of the stories, backgrounds, criticism"
250 _a1st ed.
260 _aNorton
260 _bA Norton critical edition
260 _ccc1979
300 _a"xi, 369 p. ; 21 cm."
999 _c15477
_d15477